000 00424nam a22001697a 4500
003 MACL
005 20160203125820.0
008 160203b xxu||||| |||| 00| 0 eng d
040 _cMACL
041 _aEnglish
082 _a631/AGA
100 _aDr.Agarwal Vipin Kumar
_936552
245 _aConcept of Soil Science
260 _aNew Delhi
_bDPS Publishing House
_c2013
650 _aSoil Science
_936553
942 _2ddc
_cBK
999 _c53025
_d53025